000
00273pam a2200121 a 4500
020
_c
041
_a
eng
100
_a
Burnham James.
245
_a
The Managerial Revelutions
_h
Textual Documents
260
_a
New York
_b
Penguin Books Ltd
300
_a
238p.
930
_a
15148
999
_c
92048
_d
92048